| 000 | 00557nam a2200193Ia 4500 | ||
|---|---|---|---|
| 003 | GCL | ||
| 008 | 140319s9999 xx 000 0 eng d | ||
| 040 |
_aGCL / _cGCL |
||
| 082 | 0 | 4 |
_a302 _bR E |
| 100 | 1 | _aROSS, ABRAHAM S. | |
| 245 | 1 | 0 |
_aEXPERIMENTAL AND NONEXPERIMENTAL DESIGNS IN SOCIAL PSYCHOLOGY / _cROSS, ABRAHAM S. |
| 700 | 1 | _aGRANT, MALCOLM | |
| 260 |
_a[S.N] : _bBROWN AND BENCHMARK PUBLISHERS ، _c1994 |
||
| 300 | _a186 P | ||
| 650 | 0 | 4 | _aالحضارة الفرعونية |
| 650 | 0 | 4 | _aSOCIAL SCIENCE |
| 650 | 0 | 4 | _aETHICS |
| 942 |
_2ddc _cBK |
||
| 999 |
_c17122 _d17122 |
||